000 00376nam a22001697a 4500
005 20160616095120.0
008 160616b xxu||||| |||| 00| 0 eng d
020 _a81-203-1408-5
041 _aeng
082 _b7888
100 _aIlich, John
_92043
245 _aWinning through negotiations
260 _bPHI
300 _a226
650 _aManagement
_9241
942 _cBK
999 _c2858
_d2857